Giáo dục quốc phòng: T1

Đã lưu trong:
Bibliografiske detaljer
Format: Bog
Sprog:Undetermined
Udgivet: Hà Nội Quân đội nhân dân 1992
Fag:
Tags: Tilføj Tag
Ingen Tags, Vær først til at tagge denne postø!
Thư viện lưu trữ: Trung tâm Học liệu Trường Đại học Cần Thơ
LEADER 00468nam a2200157Ia 4500
001 CTU_14838
008 210402s9999 xx 000 0 und d
082 |a 355.5 
082 |b Gi108/T1 
245 0 |a Giáo dục quốc phòng: T1 
260 |a Hà Nội 
260 |b Quân đội nhân dân 
260 |c 1992 
650 |a military art and science 
904 |i Nguyễn Quang Điền, 970107 
980 |a Trung tâm Học liệu Trường Đại học Cần Thơ